Popularne zagraniczne piosenki w Polsce. 06-12.08.21 Spotify - Statystyki

Ogólne statystyki
  • Ten quiz został rozwiązany 7 razy
  • Średni wynik to 11 z 30
Statystyki odpowiedzi
Wykonawca Odsłuchania Utwór % Poprawnych
Maneskin 813K I WANNA BE YOUR SLAVE
86%
Doja Cat, SZA 264K Kiss Me More
71%
The Kid LAROI, Justin Bieber 707K STAY
71%
Ed Sheeran 791K Bad Habits
57%
Maneskin 642K Beggin'
57%
The Weeknd 227K Blinding Lights
57%
Surf Curse 281K Freaks
43%
Olivia Rodrigo 398K good 4 u
43%
Dua Lipa, DaBaby 291K Levitating
43%
Lil Nas X 336K MONTERO (Call Me By Your Name)
43%
Majestic, Boney M. 275K Rasputin
43%
The Weeknd, Ariana Grande 288K Save Your Tears (Remix)
43%
Olivia Addams 381K Stranger
43%
Maneskin 277K ZITTI E BUONI
43%
Billie Eilish 462K Happier Than Ever
29%
Lil Nas X, Jack Harlow 422K INDUSTRY BABY
29%
Dua Lipa 342K Love Again
29%
Justin Bieber, Daniel Caesar, Giveon 233K Peaches
29%
Minelli 491K Rampampam
29%
Tiesto 257K The Business
29%
Masked Wolf 225K Astronaut In The Ocean
14%
Kris Kross Amsterdam, Shaggy, Conor Maynard 228K Early In The Morning
14%
Marshmello, Jonas Brothers 276K Leave Before You Love Me
14%
Tom Grennan 259K Little Bit of Love
14%
Daria 235K Love Blind
14%
Doja Cat 430K Need To Know
14%
Kungs 583K Never Going Home
14%
OneRepublic 305K Run
14%
The Weeknd 399K Take My Breath
14%
Ofenbach, Lagique 223K Wasted Love
14%
Nie znaleziono quizów pasujących do podanych kryteriów
Rozkład punktacji
Procent ludzi z każdym wynikiem
Percentyl według liczby udzielonych odpowiedzi
Twoja historia wyników
Nie rozwiązałeś tego quizu